000
00330 a2200145 4500
001
75134
020
_a
9788574165653
040
_c
Anchieta - Colégio São Paulo
240
1
0
_a
Grécia : Arte na idade antiga
_l
por
245
1
0
_a
Grécia : Arte na idade antiga
300
_a
63
362
0
_a
2011
650
4
_a
Artes
942
_c
BK
999
_c
75134
_d
75134